000 00359nam a22001457a 4500
005 20260311165824.0
008 260311b |||||||| |||| 00| 0 eng d
041 _aeng
082 _a344.540 46
245 _aMINES VOCATIONAL TRAINING RULES, 1966
260 _aDHANBAD
_bLOVELY PRAKASHAN
_c2025
300 _a95;P
650 _aMINING ENGINEERING
942 _cBK
999 _c9087
_d9085